Capturas (Record no. 1778)

MARC details
000 -LEADER
campo de control de longitud fija 00807nam a2200145 4500
008 - DATOS DE LONGITUD FIJA--INFORMACIÓN GENERAL
campo de control de longitud fija 779 H557c
020 ## - NÚMERO INTERNACIONAL ESTÁNDAR DEL LIBRO
Número Internacional Estándar del Libro 9789930964613
082 ## - NÚMERO DE LA CLASIFICACIÓN DECIMAL DEWEY
Número de clasificación 779
Número de ítem H557c
100 ## - ENTRADA PRINCIPAL--NOMBRE DE PERSONA
Nombre de persona Hernández, José Alberto
9 (RLIN) 7023
245 ## - MENCIÓN DEL TÍTULO
Título Capturas
260 ## - PUBLICACIÓN, DISTRIBUCIÓN, ETC.
Lugar de publicación, distribución, etc. San José, Costa Rica
Nombre del editor, distribuidor, etc. Museo de Arte y Diseño Contemporáneo
Fecha de publicación, distribución, etc. 2018
300 ## - DESCRIPCIÓN FÍSICA
Extensión 68 p.
Otras características físicas col (il)
Dimensiones 21 x 14 cm
505 ## - NOTA DE CONTENIDO CON FORMATO
Título Presentación
Mención de responsabilidad Rocío Fernández de Ulibarri
Título Presentación
Mención de responsabilidad Fiorella Resenterra
Título Capturas
Mención de responsabilidad Adriana Collado-Chaves
Título Inventario
-- R.I.P.
-- Gráfica de encierro
-- Capturas: lo documental y lo inasible
Mención de responsabilidad Ernesto Calvo
Título ¿Para quién es la justicia
Mención de responsabilidad Roberto Guerrero
Título Capturas
Mención de responsabilidad José Alberto Hernández
-- Curriculum de artista
650 ## - PUNTO DE ACCESO ADICIONAL DE MATERIA--TÉRMINO DE MATERIA
Subdivisión general arte contemporáneo
-- arte - fotografía
-- fotografía - exhibición
-- fotografía - Costa Rica
9 (RLIN) 7024
Holdings
Estatus retirado Estado de pérdida Fuente del sistema de clasificación o colocación Estado de daño No para préstamo Biblioteca de origen Biblioteca actual Ubicación en estantería Fecha de adquisición Total de préstamos Signatura topográfica completa Código de barras Visto por última vez Precio de reemplazo Tipo de ítem Koha
    Clasificación Decimal Dewey     Biblioteca LadoV Biblioteca LadoV   11/05/2019   779 H557c 004773 11/05/2019 11/05/2019 Material 01